| 000 -LEADER |
| fixed length control field |
00708cam a22001934a 4500 |
| 020 ## - INTERNATIONAL STANDARD BOOK NUMBER |
| ISBN |
9832088275 |
| 040 ## - CATALOGING SOURCE |
| Transcribing agency |
UKM |
| 082 ## - DEWEY DECIMAL CLASSIFICATION NUMBER |
| Classification number |
338 IRR 2006 C025 Or. |
| 245 00 - TITLE STATEMENT |
| Title |
Portrait of the global rubber industry : |
| Remainder of title |
driving the wheel of the world economy. |
| 246 30 - VARYING FORM OF TITLE |
| Title proper/short title |
Rubber industry |
| 250 ## - EDITION STATEMENT |
| Edition statement |
1st ed. |
| 260 ## - PUBLICATION, DISTRIBUTION, ETC. (IMPRINT) |
| Place of publication |
Kuala Lumpur, Malaysia : |
| Name of publisher |
Publisher/distributor, International Rubber Research and Development Board, |
| Year of publication |
2006. |
| 300 ## - PHYSICAL DESCRIPTION |
| Number of Pages |
188 p. : |
| Other physical details |
col. ill. ; |
| Dimensions |
32 cm. |
| 500 ## - GENERAL NOTE |
| General note |
Accompanied by supplement entitled: Industry reference supplement. |
| 650 #0 - SUBJECT ADDED ENTRY--TOPICAL TERM |
| Topical Term |
Rubber industry and trade. |
| 650 #0 - SUBJECT ADDED ENTRY--TOPICAL TERM |
| Topical Term |
Rubber goods. |
| 710 2# - ADDED ENTRY--CORPORATE NAME |
| Corporate name or jurisdiction name as entry element |
International Rubber Research & Development Board. |
| 942 ## - ADDED ENTRY ELEMENTS (KOHA) |
| Koha item type |
ឯកសារស្រាវជ្រាវ |
| 952 ## - LOCATION AND ITEM INFORMATION (KOHA) |
| Withdrawn status [LOCAL, KOHA] |
0 |